000 00678nam a2200289Ia 4500
005 20260324122015.0
008 008 260324s9999 xx 000 0 eng d
020 _a9780203522554
037 _aEBOOK
040 _aCRL
040 _beng
040 _cCRL
041 _2eng
041 _aeng
084 _qCRL
100 _aDörte Kuhlmann
_91164745
245 0 _aGender Studies in Architecture
245 0 _bSpace, Power and Difference
260 _bTaylor and Francis
260 _c2013
365 _a
365 _b255
856 _uhttp://www.taylorfrancis.com/books/9780203522554
942 _cEBOOK
999 _c1757175
_d1757175